Pohádky pro duši

Saved in:
Bibliographic Details
Main Author Májová, Jana
Format Electronic eBook
LanguageCzech
Published Bambook 2026
Edition1. elektronické vydání
Subjects
Online AccessDostupné v BOOKPORT po přihlášení pomocí eduID
ISBN978-80-271-6350-2
978-80-271-6047-1
Physical Description1 online zdroj (96 stran)

Cover

LEADER 00000nam a2200000 i 4500
001 bkp15182
003 CZ-prgp
005 20260522152520.0
006 m o d
007 cr cn
008 260522s2026 xr o 000 0 cze
020 |a 978-80-271-6350-2  |c 254 Kč  |q (online ; pdf) 
020 |a 978-80-271-6047-1  |c 299 Kč  |q (print) 
040 |a Grada  |b cze  |e rda 
100 1 |a Májová, Jana 
245 1 0 |a Pohádky pro duši  |c Jana Májová 
250 |a 1. elektronické vydání 
264 1 |b Bambook  |c 2026 
300 |a 1 online zdroj (96 stran) 
336 |a text  |b txt  |2 rdacontent 
337 |a počítač  |b c  |2 rdamedia 
338 |a online zdroj  |b cr  |2 rdacarrier 
520 3 |a Osm kouzelných příběhů se šťastným koncem, jaký pohádkám odjakživa sluší nejvíc. Čarodějnice tu není strašidelná, ale přátelská a předměty se probouzejí k životu, aby pomohly tam, kde je třeba. Každá pohádka plná fantazie končí s úsměvem a pohlazením po duši, aby malým čtenářům připomněla, že dobro má vždycky dost síly, když v něj věříme. 
650 0 4 |a Dětská literatura 
650 0 4 |a Beletrie pro děti 
650 0 4 |a Pohádky 
856 4 0 |u https://www.bookport.cz/AccountSaml/SignIn/?idp=https://shibboleth.utb.cz/idp/shibboleth&returnUrl=/kniha/pohadky-pro-dusi-16108/  |y Dostupné v BOOKPORT po přihlášení pomocí eduID